| 000 | 00555nam a2200193 u 4500 | ||
|---|---|---|---|
| 005 | 20240911064339.0 | ||
| 008 | 091023s2007 r 000 0 eng d | ||
| 020 | _a9789507866012 | ||
| 035 | _aUPN01000173428 | ||
| 049 | _aCG | ||
| 050 | 4 |
_aQ175 _bD5.3 |
|
| 100 | 1 | _aDíaz, Esther | |
| 245 | 1 | 0 |
_aEntre la tecnociencia y el deseo : _bla construcción de una epistemología ampliada / _cEsther Díaz. |
| 260 |
_aBuenos Aires : _bBiblos, _cc2007. |
||
| 300 | _a167 p. | ||
| 440 | 0 | _aFilosofía | |
| 650 | 4 |
_aCiencia _xFilosofía _94696 |
|
| 905 | _aLibro | ||
| 999 |
_c145532 _d145532 |
||